Piratas das Caraíbas por estranhas marés (Registo nº 1366)

Detalhes MARC
000 -Etiqueta do registo
Cabeçalho 01151nam0a2200301 4500
005 - Identificador da versão
Campo de controlo 20240813121834.0
021 ## - Número do Depósito Legal
Código do país PT
Número 2490/2011
100 ## - Dados gerais de processamento
Dados gerais de processamento 20120224d2011 a y0pory5003 ba
102 ## - Pais de publicação ou produção
País de publicação Portugal
101 0# - Língua de publicação
Língua do texto, banda sonora, etc. Português
106 ## - Campo de dados codificados: material textual
Dados codificados do material textual r
105 ## - Campo de dados codificados: livros
Dados codificados dos livros y z 001yy
215 ## - Descrição física 
Indicação específica da natureza do documento e extensão da espécie 1 disco óptico (136 m.); cor, som
200 1# - Titulo e menção de responsabilidade
Título próprio Piratas das Caraíbas por estranhas marés
Primeira menção de responsabilidade real. Rob Marshall
Outras menções de responsabilidade Ted Elliott
-- Terry Rossio
210 ## - Publicação, Distribuição, etc. 
Lugar da edição, distribuição, etc. Lisboa
Nome do editor, distribuidor, etc. Lusomundo Audiovisuais (distrib.)
Data da publicação, distribuição, etc. 2011
323 ## - Nota ao elenco (material de projecção e video de registos sonoros) 
Texto da nota Penelope Cruz, Ian MacShane, Kevin McNally; Geoffrey Rush
337 ## - Nota relativa a pormenores técnicos (ficheiros de computador) (provisória) 
Texto da nota requsitos: região 2; Formato 1:85; PAL; Ecrã 16:9
300 ## - Notas gerais 
Texto da nota M/ 12 anos
322 ## - Nota aos responsáveis artísticos e técnicos (material de projecção e video e registos sonoros) 
Texto da nota produção: Jerry Bruckheimer; música: Hans Zimmer; montagem: David Brenner; argumento: Ted Elliot, Terry Rosso
333 ## - Nota relativa aos potenciais utilizadores
Texto da nota maiores de 12 anos
327 ## - Nota de conteúdo 
Texto da nota material bónus: cenas engraçadas das Caraíbas, LEGO Piratas das Caraíbas: as construções do capitão Jack, tudo sobre Blu-Ray 3D com Timon e Pumba
510 ## - Título paralelo
Título paralelo Pirates of the Caribbean: On Stranger Tides
700 #1 - Nome de autor-pessoa física (responsabilidade principal)
Número de registo de entrada de autoridade 0001918
Palavra de ordem Marshall
Outra parte do nome não tomada para palavra de ordem Rob
942 ## - Elementos de entrada adicionados (Koha)
Tipo de item no Koha Livro
Exemplares
Situação do levantamento Origin of item (home branch) (coded) Biblioteca de empréstimo Código de barras Cota Circulation type (not for loan) Tipo de documento Nota do exemplar Damaged status
  Biblioteca Escolar Eng. Nuno Mergulhão Biblioteca Escolar Eng. Nuno Mergulhão BENM3211 | 2011 F CAR   DVD Sem mensagem